[Event "ESP-ch U14 rapid"]
[Site "Salobrena"]
[Date "2023.07.23"]
[Round "5"]
[White "Revuelta Blanco, Daniel"]
[Black "Escudero Ribo, Eloi"]
[Result "0-1"]
[WhiteElo "1408"]
[BlackElo "1701"]
[PlyCount "98"]
[EventDate "2023.07.22"]
[EventType "swiss (rapid)"]
[EventRounds "9"]
[EventCountry "ESP"]
[SourceTitle "EXT 2024"]
[Source "ChessBase"]
[SourceDate "2023.10.10"]
[SourceVersion "1"]
[SourceVersionDate "2023.10.10"]
[SourceQuality "1"]

1. e4 c5 2. Nf3 g6 3. d4 cxd4 4. Nxd4 Bg7 5. Nc3 Nc6 6. Be3 Nf6 7. Bc4 Qa5 8. 0-0 0-0 9. Bb3 d6 10. f3 Bd7 11. Qd2 a6 12. Nxc6 Bxc6 13. Nd5 Qd8 14. Bb6 Qd7 15. Bd4 Nxd5 16. Bxg7 Kxg7 17. exd5 Bb5 18. Rfe1 Qd8 19. Qd4+ Kg8 20. Re4 f5 21. Re3 Rf7 22. Rae1 Rc8 23. c4 Be8 24. Bd1 b5 25. cxb5 Bxb5 26. Kh1 Rc4 27. Qd2 Rc5 28. b4 Rc7 29. a4 Bd7 30. h3 f4 31. Re4 g5 32. Qd4 Bf5 33. R4e2 Rb7 34. Rb2 Qd7 35. Qc4 Ra7 36. b5 axb5 37. axb5 Rc7 38. Qd4 e5 39. dxe6 Bxe6 40. b6 Rb7 41. Bb3 Bxb3 42. Rxb3 Re7 43. Rd1 Qe6 44. Qxd6 Qxb3 45. Qd8+ Kf7 46. Rd6 Qc3 47. Rd3 Qe1+ 48. Kh2 Qg3+ 49. Kg1 Re1# 0-1

[Event "ESP-ch U14 rapid"]
[Site "Salobrena"]
[Date "2023.07.22"]
[Round "3"]
[White "Revuelta Blanco, Daniel"]
[Black "Martin Cabeza, Nicolas"]
[Result "0-1"]
[WhiteElo "1408"]
[BlackElo "1856"]
[PlyCount "78"]
[EventDate "2023.07.22"]
[EventType "swiss (rapid)"]
[EventRounds "9"]
[EventCountry "ESP"]
[SourceTitle "EXT 2024"]
[Source "ChessBase"]
[SourceDate "2023.10.10"]
[SourceVersion "1"]
[SourceVersionDate "2023.10.10"]
[SourceQuality "1"]

1. e4 c5 2. Nf3 d6 3. d4 cxd4 4. Nxd4 Nf6 5. Nc3 a6 6. a4 e5 7. Nf3 Be6 8. h3 Be7 9. Be3 Nbd7 10. Be2 0-0 11. 0-0 Rc8 12. Qd2 Nb6 13. a5 Nc4 14. Bxc4 Bxc4 15. Rfd1 Qc7 16. Bg5 Rfd8 17. Ne1 Qd7 18. Bxf6 Bxf6 19. Na4 Qc6 20. Nb6 Rc7 21. Qe3 h6 22. Rd2 Bg5 23. Qc3 Bxd2 24. Qxd2 Qxe4 25. Rd1 Be6 26. c3 d5 27. f3 Qg6 28. Nd3 f6 29. Qe3 Bxh3 30. Qf2 Bf5 31. Nb4 Be6 32. Qe3 Qf7 33. Nd3 d4 34. cxd4 Rxd4 35. Re1 Qg6 36. Nxe5 fxe5 37. Qxe5 Rd2 38. Qxe6+ Qxe6 39. Rxe6 Rxb2 0-1

[Event "ESP-ch U14 rapid"]
[Site "Salobrena"]
[Date "2023.07.22"]
[Round "1"]
[White "Revuelta Blanco, Daniel"]
[Black "Povshednyi, Ivan"]
[Result "0-1"]
[WhiteElo "1408"]
[BlackElo "2109"]
[PlyCount "150"]
[EventDate "2023.07.22"]
[EventType "swiss (rapid)"]
[EventRounds "9"]
[EventCountry "ESP"]
[SourceTitle "EXT 2024"]
[Source "ChessBase"]
[SourceDate "2023.10.10"]
[SourceVersion "1"]
[SourceVersionDate "2023.10.10"]
[SourceQuality "1"]

1. e4 g6 2. d4 Bg7 3. Nf3 d6 4. Bc4 Nf6 5. Nc3 0-0 6. 0-0 Bg4 7. h3 Bxf3 8. Qxf3 Nc6 9. Be3 e5 10. d5 Nd4 11. Qd1 Re8 12. f4 c5 13. dxc6 bxc6 14. fxe5 dxe5 15. Qd2 Qd6 16. Rad1 Rad8 17. Bh6 Rd7 18. Bxg7 Kxg7 19. Qe3 Qc5 20. Qf2 Nf3+ 21. gxf3 Qxc4 22. Rxd7 Nxd7 23. Rd1 Qe6 24. Kh2 a5 25. a3 Nf6 26. Ne2 Nh5 27. Qe3 h6 28. Qc5 Qf6 29. Qe3 Rb8 30. b3 Rb7 31. Ng3 Nf4 32. Ne2 Ne6 33. Qf2 Ng5 34. Rf1 Rd7 35. Ng1 Qf4+ 36. Kh1 Rd2 37. Ne2 Qf6 38. c4 Nxh3 39. Qg3 Rxe2 40. Qxh3 Re3 41. b4 Rxa3 42. bxa5 Rxa5 43. Rf2 Ra3 44. Kg2 Qg5+ 45. Qg3 Qxg3+ 46. Kxg3 Rc3 47. Ra2 Rxc4 48. Ra5 Kf6 49. Kg4 h5+ 50. Kg3 Ke6 51. Kf2 Rc3 52. Kg3 g5 53. Ra7 g4 54. Kh4 gxf3 55. Kxh5 f2 56. Ra1 Rf3 57. Rf1 f5 58. exf5+ Kxf5 59. Kh4 Kf4 60. Kh5 Ke3 61. Kg4 Rf4+ 62. Kg3 Ke2 63. Rxf2+ Rxf2 64. Kh3 c5 65. Kh4 c4 66. Kh3 c3 67. Kh4 c2 68. Kh3 c1Q 69. Kh4 Qh1+ 70. Kg3 Qf3+ 71. Kh4 Rh2+ 72. Kg5 Rh5+ 73. Kg6 Qf5+ 74. Kg7 Rh7+ 75. Kg8 Qf7# 0-1

[Event "ESP-ch U12 Rapid"]
[Site "Salobrena"]
[Date "2022.07.17"]
[Round "5"]
[White "Mompel Ferruz, Xavier"]
[Black "Revuelta Blanco, Daniel"]
[Result "1-0"]
[WhiteElo "1849"]
[BlackElo "1358"]
[PlyCount "147"]
[EventDate "2022.07.09"]
[EventType "swiss (rapid)"]
[EventRounds "9"]
[EventCountry "ESP"]
[SourceTitle "EXT 2023"]
[Source "ChessBase"]
[SourceDate "2022.10.05"]
[SourceVersion "1"]
[SourceVersionDate "2022.10.05"]
[SourceQuality "1"]

1. e4 e6 2. d4 d5 3. Nd2 dxe4 4. Nxe4 Nd7 5. Nf3 Ngf6 6. Nxf6+ Nxf6 7. Bd3 Bd6 8. c3 Bd7 9. 0-0 0-0 10. Bg5 h6 11. Bh4 Be7 12. Ne5 Nd5 13. Bxe7 Qxe7 14. Qf3 Rab8 15. Rfe1 Rfd8 16. Be4 c6 17. Rad1 Be8 18. Bc2 Qg5 19. Nd3 Qf6 20. Qg3 Ne7 21. Nc5 Nd5 22. Ne4 Qf4 23. Qd3 Qh4 24. Nc5 Nf6 25. h3 Rd5 26. Re5 b6 27. Ne4 Nxe4 28. Rxe4 Qf6 29. Qg3 Rc8 30. Rf4 Qg5 31. Rg4 Qf6 32. Be4 Rdd8 33. Rd3 g6 34. Rf3 Qg7 35. Bc2 c5 36. Rd3 cxd4 37. Rgxd4 Rxd4 38. Rxd4 Qf6 39. Qd6 Rc6 40. Qd8 Qxd8 41. Rxd8 Kf8 42. Ba4 Ke7 43. Rxe8+ Kxe8 44. Bxc6+ Ke7 45. Bf3 Kf6 46. Kf1 h5 47. h4 e5 48. Ke2 Kf5 49. Ke3 f6 50. Be4+ Kg4 51. Bxg6 Kxh4 52. Ke4 Kg5 53. Bf5 h4 54. Bh3 Kg6 55. g3 hxg3 56. fxg3 Kg5 57. b4 a6 58. c4 f5+ 59. Bxf5 Kf6 60. Bc8 a5 61. bxa5 bxa5 62. c5 Ke7 63. Kxe5 Kd8 64. Bf5 Ke7 65. c6 Kd8 66. g4 Kc7 67. Kd5 Kd8 68. Kd6 Ke8 69. g5 Kf7 70. c7 Kg7 71. c8Q Kf7 72. Qd7+ Kg8 73. Bg6 Kf8 74. Qf7# 1-0

[Event "ESP-ch U12 Rapid"]
[Site "Salobrena"]
[Date "2022.07.17"]
[Round "7"]
[White "Revuelta Blanco, Daniel"]
[Black "Ibanez Cruces, Diego"]
[Result "0-1"]
[WhiteElo "1358"]
[BlackElo "1553"]
[PlyCount "108"]
[EventDate "2022.07.09"]
[EventType "swiss (rapid)"]
[EventRounds "9"]
[EventCountry "ESP"]
[SourceTitle "EXT 2023"]
[Source "ChessBase"]
[SourceDate "2022.10.05"]
[SourceVersion "1"]
[SourceVersionDate "2022.10.05"]
[SourceQuality "1"]

1. e4 c5 2. Nf3 d6 3. d4 cxd4 4. Nxd4 Nf6 5. Nc3 Nc6 6. Be3 Ng4 7. Bc1 Qb6 8. h3 Nxf2 9. Kxf2 Qxd4+ 10. Qxd4 Nxd4 11. Bd3 Bd7 12. Be3 Nc6 13. Nd5 Rc8 14. a3 e6 15. Nc3 Be7 16. Rad1 0-0 17. Rhf1 Rfd8 18. Be2 Be8 19. Rd2 Rd7 20. Rfd1 Rcd8 21. Bf4 h6 22. Bf3 a6 23. Be3 Ne5 24. b3 Bf6 25. Na4 Nxf3 26. Kxf3 d5 27. exd5 Rxd5 28. Rxd5 Rxd5 29. Rxd5 exd5 30. Nc5 Bc6 31. Ke2 d4 32. Bf2 Bxg2 33. Kd3 Be7 34. Bxd4 Bxc5 35. Bxc5 Bxh3 36. c4 f5 37. Ke3 Kf7 38. Bd4 g5 39. Kf3 Bg4+ 40. Kg3 Bd1 41. b4 Bb3 42. c5 Ba4 43. Bb2 Kg6 44. Bc1 h5 45. Bd2 h4+ 46. Kh3 Kh5 47. Be3 g4+ 48. Kg2 Bc6+ 49. Kh2 g3+ 50. Kh3 Bb5 51. Kg2 Kg4 52. Bd2 h3+ 53. Kg1 h2+ 54. Kh1 Bc6# 0-1

[Event "ESP-ch U12 Rapid"]
[Site "Salobrena"]
[Date "2022.07.17"]
[Round "9"]
[White "Revuelta Blanco, Daniel"]
[Black "Sala Martin, Guillem"]
[Result "0-1"]
[WhiteElo "1358"]
[BlackElo "1290"]
[PlyCount "83"]
[EventDate "2022.07.09"]
[EventType "swiss (rapid)"]
[EventRounds "9"]
[EventCountry "ESP"]
[SourceTitle "EXT 2023"]
[Source "ChessBase"]
[SourceDate "2022.10.05"]
[SourceVersion "1"]
[SourceVersionDate "2022.10.05"]
[SourceQuality "1"]

1. e4 d5 2. exd5 Qxd5 3. Nc3 Qd6 4. Nf3 Nf6 5. d4 a6 6. Bd3 Bg4 7. Be3 Nc6 8. Be2 0-0-0 9. Qd2 Bxf3 10. Bxf3 Nxd4 11. Bxd4 Qxd4 12. Qe2 Qf4 13. Rd1 Rxd1+ 14. Qxd1 Qe5+ 15. Kf1 e6 16. g3 Bb4 17. Qd3 Rd8 18. Qc4 Bxc3 19. bxc3 Qb5 20. Qxb5 axb5 21. Ke2 Nd5 22. Bxd5 Rxd5 23. Rb1 c6 24. Rb4 Kd7 25. c4 Rd4 26. Ke3 e5 27. f4 f6 28. fxe5 fxe5 29. c3 Rxc4 30. Rb3 Ke6 31. Kf3 Kf5 32. h3 h5 33. Ke3 g5 34. Ra3 Ra4 35. Rxa4 bxa4 36. Kf3 b5 37. g4+ hxg4+ 38. hxg4+ Ke6 39. Ke4 c5 40. Ke3 Kd5 41. Kd3 b4 42. cxb4 0-1

[Event "ESP-ch U12 Rapid"]
[Site "Salobrena"]
[Date "2022.07.16"]
[Round "3"]
[White "Jimenez Carrazoni, Marta Elena"]
[Black "Revuelta Blanco, Daniel"]
[Result "1/2-1/2"]
[WhiteElo "1474"]
[BlackElo "1358"]
[PlyCount "38"]
[EventDate "2022.07.09"]
[EventType "swiss (rapid)"]
[EventRounds "9"]
[EventCountry "ESP"]
[SourceTitle "EXT 2023"]
[Source "ChessBase"]
[SourceDate "2022.10.05"]
[SourceVersion "1"]
[SourceVersionDate "2022.10.05"]
[SourceQuality "1"]

1. d4 Nf6 2. Nc3 e6 3. Bf4 d5 4. Nb5 Na6 5. e3 c6 6. Nc3 Bd6 7. Bg3 Bb4 8. Bxa6 bxa6 9. Nge2 Ne4 10. Bf4 Qa5 11. Qd3 c5 12. dxc5 Bxc5 13. 0-0 Nf6 14. a3 Be7 15. Nd4 Bb7 16. b4 Qd8 17. Nb3 Bd6 18. Bxd6 Qxd6 19. Nc5 Bc8 1/2-1/2

[Event "ESP-ch U12"]
[Site "Salobrena"]
[Date "2022.07.14"]
[Round "6"]
[White "Revuelta Blanco, Daniel"]
[Black "Bartolome Benito, Alejandro"]
[Result "0-1"]
[WhiteElo "1418"]
[BlackElo "1599"]
[PlyCount "119"]
[EventDate "2022.07.04"]
[EventType "swiss"]
[EventRounds "9"]
[EventCountry "ESP"]
[SourceTitle "EXT 2023"]
[Source "ChessBase"]
[SourceDate "2022.10.05"]
[SourceVersion "1"]
[SourceVersionDate "2022.10.05"]
[SourceQuality "1"]

1. e4 c5 2. Nf3 Nc6 3. d4 cxd4 4. Nxd4 g6 5. Nc3 Bg7 6. Be3 Nf6 7. Be2 0-0 8. 0-0 d6 9. Qd2 Ng4 10. Bxg4 Bxg4 11. f3 Bd7 12. Rad1 Re8 13. Rfe1 Qa5 14. a3 Ne5 15. b3 Rac8 16. Nb1 Qxd2 17. Rxd2 a6 18. c4 b5 19. cxb5 axb5 20. Rc2 Nd3 21. Rxc8 Rxc8 22. Rd1 Nb2 23. Re1 Nd3 24. Rd1 Nc5 25. b4 Ne6 26. Nxe6 Bxe6 27. Rc1 Rxc1+ 28. Bxc1 Bd4+ 29. Kf1 Bc4+ 30. Ke1 Kg7 31. Nd2 Be6 32. Ke2 f5 33. Kd3 Be5 34. g3 g5 35. exf5 Bxf5+ 36. Ke3 d5 37. Nb3 Bd6 38. Nd4 Bd7 39. f4 h6 40. Nf3 Kf6 41. fxg5+ hxg5 42. Kd4 g4 43. Nh4 Bc6 44. Ke3 e5 45. Kd3 d4 46. Bd2 Bd5 47. Bc1 Bc7 48. Bd2 Bb6 49. Bc1 e4+ 50. Kd2 e3+ 51. Ke1 d3 52. Bb2+ Kg5 53. Bc3 d2+ 54. Bxd2 exd2+ 55. Kxd2 Bg1 56. a4 bxa4 57. b5 a3 58. Kc3 a2 59. Kb2 Bd4+ 60. Kc2 0-1

[Event "ESP-ch U12"]
[Site "Salobrena"]
[Date "2022.07.11"]
[Round "2"]
[White "Revuelta Blanco, Daniel"]
[Black "Bascunana Sanchez, Pablo"]
[Result "0-1"]
[WhiteElo "1418"]
[BlackElo "1782"]
[PlyCount "135"]
[EventDate "2022.07.04"]
[EventType "swiss"]
[EventRounds "9"]
[EventCountry "ESP"]
[SourceTitle "EXT 2023"]
[Source "ChessBase"]
[SourceDate "2022.10.05"]
[SourceVersion "1"]
[SourceVersionDate "2022.10.05"]
[SourceQuality "1"]

1. e4 c5 2. Nf3 g6 3. d4 cxd4 4. Nxd4 Nc6 5. Nc3 Bg7 6. Be3 Nf6 7. Bc4 Qa5 8. 0-0 0-0 9. Nxc6 bxc6 10. f3 Bb7 11. Bb3 d5 12. exd5 cxd5 13. Bd4 Rad8 14. Re1 e6 15. Qd2 a6 16. Rad1 Qc7 17. Qe3 Nd7 18. Bxg7 Kxg7 19. Qd4+ Kg8 20. f4 Qc5 21. Ne2 Qxd4+ 22. Nxd4 Nc5 23. c3 Rfe8 24. Nf3 Kg7 25. Ne5 Ba8 26. Nd3 Ne4 27. Nf2 Nc5 28. Nd3 Ne4 29. Nf2 Nf6 30. Nd3 Rc8 31. Ne5 Red8 32. g3 Rb8 33. Re2 Ne4 34. Nd3 a5 35. Rc2 Bc6 36. Re2 Bb5 37. Re3 Bxd3 38. Rexd3 Nc5 39. Rd4 Nxb3 40. axb3 Rxb3 41. c4 Rxb2 42. cxd5 exd5 43. Rxd5 Rxd5 44. Rxd5 Ra2 45. h3 a4 46. f5 a3 47. fxg6 hxg6 48. Ra5 Kf6 49. h4 Kg7 50. g4 Ra1+ 51. Kg2 Kh6 52. h5 f5 53. gxf5 gxh5 54. f6 Kg6 55. f7 Kxf7 56. Rxh5 Ke6 57. Ra5 Kd6 58. Rb5 Kc6 59. Rb8 Ra2+ 60. Kg3 Rb2 61. Ra8 a2 62. Kf3 Kc5 63. Ke3 Kc4 64. Ra7 Kc3 65. Rc7+ Kb3 66. Rb7+ Kc2 67. Ra7 Kb1 68. Rh7 0-1